Statistics for Mario Party Boards

Click here to take the quiz!

General Stats

  • This quiz has been taken 30 times
  • The average score is 21 of 90

Answer Stats

GameAnswer% Correct
MP1Peach's Birthday Cake
74%
MP1Mario's Rainbow Castle
74%
MP2Western land
74%
MP2Bowser Land
68%
MP1Wario's Battle Canyon
68%
MP2Pirate Land
68%
MP2Space Land
63%
MP1Luigi's Engine Room
58%
MP1Eternal Star
58%
MP2Mystery Land
58%
MP1Yoshi's Tropical Island
53%
MP1Bowser's Magma Mountain
53%
MP2Horror Land
53%
MP3Chilly Waters
53%
MP3Waluigi Island
42%
MP3Creepy Cavern
42%
MP1DK's Jungle Adventure
42%
MP4Goomba's Greedy Gala
42%
MP3Woody Woods
42%
MP3Deep Bloober Sea
37%
MP4Toad's Midway Madness
37%
MP4Boo's Haunted Bash
37%
MP3Mr. Mover
37%
MP5Pirate Dream
32%
MP4Koopa's Seaside Soiree
32%
MP4Shy Guy's Jungle Jam
32%
MP3Spiny Desert
32%
MP5Future Dream
32%
MP7Pagoda Peak
32%
MP8Koopa's Tycoon Town
26%
MP6Snowflake Lake
26%
MP9Toad Road
26%
MP8Shy Guy's Perplex Express
26%
MP8Goomba's Booty Boardwalk
26%
MP5Bowser Nightmare
26%
MP9Magma Mine
21%
MP7Neon Heights
21%
MP8Bowser's Warped Orbit
21%
MP9Bob-omb Factory
21%
MP6E. Gadd's Garage
21%
MP6Castaway Bay
21%
MP5Toy Dream
21%
MP5Undersea Dream
21%
MP5Rainbow Dream
21%
MP5Sweet Dream
21%
MP6Towering Treetop
16%
MP10Mushroom Park
16%
MP9DK's Jungle Ruins
16%
MP3Blowhard
16%
MP4Bowser's Gnarly Party
16%
MP8DK's Treetop Temple
16%
MP9Blooper Beach
16%
MP7Pyramid Park
16%
MP7Grand Canal
16%
MP6Faire Square
16%
MP6Clockwork Castle
16%
MP3Pipesqueak
11%
MPDSToadette's Music Room
11%
MP10Haunted Trail
11%
MP3Arrowhead
11%
MP10Whimsical Waters
11%
MP7Bowser's Enchanted Inferno
11%
MP3Backtrack
11%
MP8King Boo's Haunted Hideaway
11%
MP10Airship Central
5%
MPDSDK's Stone Statue
5%
MPDSKamek's Library
5%
MPITPerilous Palace Path
5%
MP10Chaos Castle
5%
MPITRocket Road
5%
MPDSWiggler's Garden
5%
SMPWhomp's Domino Ruins
5%
MP9Bowser Station
5%
MP3Gate Guy
5%
MP9Boo's Horror Castle
5%
SMPMegafruit Paradise
5%
MPDSBowser's Pinball Machine
0%
SMPKing Bob-omb's Powderkeg Mine
0%
MP7Windmillville
0%
MP6Astro Avenue
0%
MPITBowser's Peculiar Peak
0%
MPITKamek's Carpet Ride
0%
MPITStar-Crossed Skyway
0%
MPITBanzai Bill's Mad Mountain
0%
MPITShy Guy's Shuffle City
0%
MP4Mini Board Mad-Dash
0%
MP4Mega Board Mayhem
0%
MP6Thirsty Gulch
0%
MP6Infernal Tower
0%
SMPKamek's Tantalizing Tower
0%

Score Distribution

Percentile by Number Answered

Percent of People with Each Score

Your Score History

You have not taken this quiz